00370nam a2200145Ia 4500008004000000020001800040082002000058100001800078245003400096250000500130260004100135300001200176650001700188700001900205210210b1989 xxu||||| |||| 00| 0 eng d a0 471 63764 5 a621.381535 BARO aBARNA (Arpad) aOperational amplifiers. Ed 2. a aNew York.bJohn Wiley and Sonsc1989 axii,273 aAmplifiers  aPORAT (Dan I).